000 00250nam a2200097Ia 4500
008 220204s9999 xx 000 0 und d
082 _aNR:0161974/80
_bACS
245 0 _aRubber to metal bonding: Bibliography 1974-80
260 _aOhio
_bACS
942 _cBK
999 _c39449
_d39449